Statistics for 9-Letter Countries

Click here to take the quiz!

General Stats

  • This quiz has been taken 207 times
    (168 since last reset)
  • The average score is 8 of 15

Answer Stats

9-letter country% Correct
Argentina
89%
Indonesia
81%
Australia
74%
Guatemala
61%
Venezuela
61%
Mauritius
59%
Lithuania
57%
Nicaragua
52%
Singapore
50%
Costa Rica
48%
San Marino
41%
Palestine
39%
Swaziland
37%
East Timor
35%
Cape Verde
33%

Score Distribution

Percentile by Number Answered

Percent of People with Each Score

Your Score History

You have not taken this quiz since the last reset